Pokémon - Les attaques de Hoopa Déchaîné - Statistiques

Statistiques générales
  • Ce quiz a été pris 11 fois
  • Le résultat moyen est 9 sur 17
Statistiques - réponses
Niveaux Types Noms des attaques % Correct
Départ Psy Choc Mental
83%
Niveau 6 Spectre Étonnement
83%
Niveau 75 Psy Psyko
83%
Niveau 19 Psy Rafale Psy
83%
Niveau 55 Ténèbres Vibrobscur
83%
Départ Niveau 85 Ténèbres Furie Dimension
67%
Niveau 15 Psy Mur Lumière
67%
Niveau 50 Psy Distorsion
50%
Niveau 25 Psy Échange
50%
Niveau 29 Psy Partage Force
50%
Niveau 29 Psy Partage Garde
50%
Départ Psy Interversion
33%
Niveau 46 Ténèbres Sabotage
33%
Départ Psy Tourmagik
33%
Niveau 50 Psy Zone Étrange
33%
Niveau 10 Psy Reflet Magik
17%
Départ Spectre Prélèvem. Destin
0%
Aucun quiz correspondant
Distribution des résultats
% des personnes avec chaque résultat
Percentile par nombre de réponses
Votre historique - résultats
Vous n’avez pas pris ce quiz